| 000 | 00762nam a2200229Ia 4500 | ||
|---|---|---|---|
| 003 | OSt | ||
| 005 | 20260328105149.0 | ||
| 008 | 210716s2012 xx 000 0 und d | ||
| 020 | _a9789351060642 | ||
| 040 | _cAIMIT LIBRARY | ||
| 041 | _aeng | ||
| 082 |
_a374.22 _21 _bHAMP |
||
| 100 |
_aHammerness, Paul. _9259703 |
||
| 245 |
_aOrganize your mind organize your life : _btrain your brain to get more done in less time / _cBy Paul Hammerness, MD and Margaret Moore. |
||
| 250 | _a1st ed. | ||
| 260 |
_aCanada : _c2012. |
||
| 300 |
_axxviii,240p. ; _bPB _c20.1 cm |
||
| 650 |
_aRules of order _9259704 |
||
| 650 |
_aStaying on top of a fast- changing world _9259705 |
||
| 650 |
_aThe rules of order At-A-Glance _9259706 |
||
| 942 |
_2ddc _cBK _e1st _k374.22 HAMP |
||
| 999 |
_c208732 _d208732 |
||